| 000 | 00377nam a22001337a 4500 | ||
|---|---|---|---|
| 020 | _a0-470-26854-9 | ||
| 082 | _a616.8914 IMP'K | ||
| 100 |
_aKAROLY, PAUL,STEFFEN, JOHN J _974739 |
||
| 245 | _aIMPROVING THE LONG TERM EFFECTS OF PSYCHOTHERAPY MODELS OF DURABLE OUTCOMES | ||
| 260 |
_aNEWYORK _bGARDNER _c1980 |
||
| 300 | _a492P | ||
| 650 |
_aPSYCHOTHERAPY _94392 |
||
| 942 | _cBK | ||
| 999 |
_c580238 _d580238 |
||